Statistics for Wonder Woman Villains

Click here to take the quiz!

General Stats

  • This quiz has been taken 98 times
  • The average score is 6 of 15

Answer Stats

HintAnswer% Correct
God of warAres
96%
Barbara MinervaCheetah
94%
God of the UnderworldHades
70%
A sorceress with vast powerCirce
61%
Doris ZuelGiganta
52%
The sun godApollo
48%
God of fearPhobos
32%
Valerie BeaudrySilver Swan
32%
Princess MaruDr Poison
30%
Goddess of witchcraftHecate
25%
A communist eggEgg Fu
24%
ErisStrife
10%
Paula von GuntherBaroness von Gunther
8%
Helmut StreicherRed Panzer
8%
Nina CloseThe Mask
8%

Score Distribution

Percentile by Number Answered

Percent of People with Each Score

Your Score History

You have not taken this quiz